La Cooperacin̤ judicial civil en la Unin̤ Europea

Bibliographic Details
Main Author: Puig Blanes, Francisco de Paula
Format: Book
Language:Spanish
Published: Barcelona : Ediciones Experiencia, 2006
Subjects:
Online Access:Acceso restringido

MARC

LEADER 00000nam a2200000 a 4500
005 20120905161258.0
007 cr|||| ||||
008 060705s2006 sp |||||| 000 ||spa|c
020 |a 8496283356 
035 |a 6522 
040 |a vLex 
043 |a e------ 
090 |c 3368  |d 3368 
100 1 |a Puig Blanes, Francisco de Paula 
245 1 3 |a La Cooperacin̤ judicial civil en la Unin̤ Europea   |h [Recurso electrn̤ico] /  |c Francisco de Paula Puig Blanes 
256 |a Servicio en ln̕ea 
260 |a Barcelona :  |b Ediciones Experiencia,  |c 2006 
300 |a 1 recurso electrn̤ico 
506 1 |a Contenido solo disponible en los productos indicados  |d vLex Global   |d vLex Global (Academic Edition, excluding Law Schools)   |d vLex Global (U.S. Academic Edition, Law Schools)   |d vLex Global (U.S. Academic Edition, excluding Law Schools)   |d vLex Global (Academic Edition, Law Schools)  
650 0 4 |a Cooperacin̤ judicial  |z Comunidad Europea, Pas̕es de la 
650 0 4 |a Derecho civil  |z Unin̤ Europea, Pas̕es de la 
650 0 4 |a Derecho civil  |z Comunidad Europea, Pas̕es de la 
650 0 4 |a Cooperacin̤ judicial  |z Unin̤ Europea, Pas̕es de la 
740 0 |a vLex Libros (Servicio en ln̕ea) 
856 4 0 |u http://vlex.com/source/cooperacion-judicial-civil-union-europea-6522  |z Acceso restringido 
942 |c BOOK 
999 |a Civil law